000 03043cam a2200337 4500500
005 20260322010407.0
041 _afre
042 _adc
100 1 0 _aDi Méo, Guy
_eauthor
245 0 0 _aAperçus théoriques sur l’espace vécu
260 _c2026.
500 _a89
520 _aDans les années 1970, nombre de géographes ont renoué avec l’idée que l’espace, plus qu’une réalité objective, est d’abord un monde vécu. Pourtant, l’effort de recherche sur ce thème a marqué le pas. Soucieux de relancer le débat, l’auteur cerne les fondements psychologiques et philosophiques de cette intuition. L’espace vécu par chaque individu synthétise, autour de sa perception et dans un même élan, les inférences de sa mémoire, de son imaginaire, de ses affects et habitus. Les théories de la psychologie, de Bergson, de Bachelard et de Husserl (phénoménologie) sont mobilisées pour montrer de quelle façon la rencontre personnelle de l’espace vécu participe d’une expérience transcendantale, analysée, ici, à partir de la relation personnelle que l’auteur entretient avec la vallée d’Ossau, dans les Pyrénées occidentales. En dépouillant le rapport spatial de ses contingences habituelles, cet espace vécu dévoile des séquences d’épanouissement de soi et de bien-être propices à la sociabilité, à la citoyenneté, au sentiment d’une plus grande responsabilité environnementale.
520 _a‪In the 1970s, many geographers returned to the idea that space, more than an objective reality, is first and foremost a lived world. However, research on this theme has stagnated. With a view to reviving the debate, the author identifies the psychological and philosophical underpinnings of this intuition. The space experienced by each individual synthesizes, around his or her perception and in the same impetus, the inferences of his or her memory, imagination, affects and habitus. The theories of psychology, Bergson, Bachelard and Husserl (phenomenology) are mobilized to show how the personal encounter with lived space is part of a transcendental experience, analyzed here on the basis of the author’s personal relationship with the Ossau valley in the western Pyrenees. By stripping the spatial relationship of its usual contingencies, this lived space reveals sequences of self-fulfilment and well-being conducive to sociability, citizenship and a sense of greater environmental responsibility.‪
690 _aespace vécu
690 _aimaginaire
690 _amémoire
690 _améthodes sensibles
690 _aperception
690 _aphénoménologie
690 _areprésentation
690 _aimagination
690 _alived space
690 _amemory
690 _aperception
690 _aphenomenology
690 _arepresentation
690 _asensory methods
786 0 _nNorois | 276 | 1 | 2026-03-16 | p. 21-34 | 0029-182X
856 4 1 _uhttps://shs.cairn.info/revue-norois-2026-1-page-21?lang=fr&redirect-ssocas=7080
999 _c1756249
_d1756249